Building Openings Construction Manual : (Record no. 607818)

000 -LEADER
fixed length control field 00790cam a22002655i 4500
001 - CONTROL NUMBER
control field 19578274
003 - CONTROL NUMBER IDENTIFIER
control field OSt
005 - DATE AND TIME OF LATEST TRANSACTION
control field 20240216111700.0
008 - FIXED-LENGTH DATA ELEMENTS--GENERAL INFORMATION
fixed length control field 170331s2016 gw 000 0 eng
010 ## - LIBRARY OF CONGRESS CONTROL NUMBER
LC control number 2016461417
020 ## - INTERNATIONAL STANDARD BOOK NUMBER
International Standard Book Number 9783955532987
040 ## - CATALOGING SOURCE
Original cataloging agency DLC
Language of cataloging eng
Description conventions rda
Transcribing agency DLC
042 ## - AUTHENTICATION CODE
Authentication code pcc
082 ## - DEWEY DECIMAL CLASSIFICATION NUMBER
Classification number 690
Author Mark BUI
245 00 - TITLE STATEMENT
Title Building Openings Construction Manual :
Remainder of title Windows Vents Exterior Doors /
Statement of responsibility, etc. Jan Cremers (ED.).
250 ## - EDITION STATEMENT
Edition statement 1st German Edition
260 ## - PUBLICATION, DISTRIBUTION, ETC.
Date of publication, distribution, etc. 2016.
300 ## - PHYSICAL DESCRIPTION
Extent 288 pages ;
Dimensions 30cm.
650 ## - SUBJECT ADDED ENTRY--TOPICAL TERM
Topical term or geographic name entry element Architecture
Topical term following geographic name entry element Details
9 (RLIN) 120644
650 ## - SUBJECT ADDED ENTRY--TOPICAL TERM
Topical term or geographic name entry element Air ducts
Form subdivision Design and construction
9 (RLIN) 120645
700 10 - ADDED ENTRY--PERSONAL NAME
Personal name Cremers,Jan
9 (RLIN) 120646
906 ## - LOCAL DATA ELEMENT F, LDF (RLIN)
a 0
b ibc
c orignew
d 2
e ncip
f 20
g y-gencatlg
942 ## - ADDED ENTRY ELEMENTS (KOHA)
Source of classification or shelving scheme
Koha item type Book
Institution code [OBSOLETE] SADA
Call number prefix 690 BUI 2016.
Holdings
Withdrawn status Lost status Source of classification or shelving scheme Damaged status Not for loan Permanent Location Current Location Date acquired Source of acquisition Total Checkouts Full call number Barcode Date last seen Cost, replacement price Price effective from Koha item type
          School of Art Design and Architecture (SADA) School of Art Design and Architecture (SADA) 06/12/2017 Multiline   690 BUI 2016. SADA0002737 02/16/2024 10617.20 02/16/2024 Book
© 2023 Central Library, National University of Sciences and Technology. All Rights Reserved.